Loading...
| BB | 2 | 10 | 1 | 4 | 125 | 44 | 94.17 | 4 | 10 | 0.00 | 0.00 |
| AR | 2 | 1 | 0 | 0 | 40 | 29 | 58.67 | 0 | 3 | 0.00 | 0.00 |
| AG | 1 | 1 | 0 | 0 | 25 | 69 | 74.00 | 1 | 2 | 0.00 | 0.00 |
| MB | 1 | 0 | 0 | 0 | 15 | 72 | 72.00 | 0 | 1 | 0.00 | 0.00 |
| BB | 0 | 1 | 0 | 0 | 10 | 97 | 97.00 | 0 | 0 | 0.00 | 0.00 |
| RC | 0 | 1 | 0 | 0 | 10 | 133 | 133.00 | 0 | 0 | 0.00 | 0.00 |
| DM | 0 | 1 | 0 | 0 | 10 | 120 | 120.00 | 0 | 1 | 0.00 | 0.00 |
| AW | 0 | 0 | 1 | 0 | -5 | 0.00 | 0 | 0 | 0.00 | 0.00 |
| AR | spiders | 15 | 29 |
| BB | coexistence | 15 | 44 |
| BB | Liouville's theorem | -5 | 57 |
| BB | antibodies | 15 | 63 |
| AR | flip-flops | 15 | 66 |
| AG | garden asparagus | 15 | 69 |
| BB | atomic nuclei | 10 | 71 |
| MB | Claude Debussy’s Preludes | 15 | 72 |
| BB | length | 10 | 76 |
| AG | chariots | 10 | 79 |